Statistiques concernant Reliez l'actrice au film

Cliquez ici pour prendre le quiz!

Statistiques générales

  • Ce quiz a été pris 564 fois
  • Le résultat moyen est 10 sur 15

Statistiques - réponses

HintRéponse% Correct
TitanicKate Winslet
91%
Harry PotterEmma Watson
87%
La La LandEmma Stone
81%
Coup de foudre à Notting HillJulia Roberts
79%
LéonNatalie Portman
79%
Le Diable d'habille en PradaMeryl Streep
74%
Kill BillUma Thurman
72%
Le Silence des AgneauxJodie Foster
61%
Diamants sur canapéAudrey Hepburn
59%
Orgueil et PréjugésKeira Knightley
58%
Happiness TherapyJennifer Lawrence
53%
Fight ClubHelena Bonham Carter
51%
CasablancaIngrid Bergman
38%
Mulholland DriveNaomi Watts
35%
Les OiseauxTippi Hedren
33%

Distribution des résultats

Percentile par nombre de réponses

% des personnes avec chaque résultat

Votre développement - résultats

Vous n’avez pas pris ce quiz